000 00324nam a2200133Ia 4500
008 220204s9999 xx 000 0 und d
082 _a658.562(035)
_bJUR
245 0 _aQuality control handbook
250 _aEd.3
260 _aNew York
_bMcGraw Hill
_c1974
650 _aQuality control
700 _aJuran, J
942 _cBK
999 _c28434
_d28434